| 000 | 00592cam a2200217 a 4500 | ||
|---|---|---|---|
| 001 | 40001 | ||
| 005 | 20230410105117.0 | ||
| 008 | 990823s1998 ht 000 p hat c | ||
| 035 | _a(OCoLC)ocm42210364 | ||
| 040 |
_aFUG _cFUG _dOCLCQ |
||
| 035 | _a(OCoLC)42210364 | ||
| 042 | _apcc | ||
| 050 | 1 | 4 |
_aCEH PM7854.H39 _bT76 1998 |
| 100 | 1 | _aTrouillot, Lyonel. | |
| 245 | 1 | 0 |
_aZanj nan dlo : _bpwezi / _cLyonel Trouillot. |
| 260 |
_a[Haèiti?] : _bEditions mâemoire, _c[1998?] |
||
| 300 |
_a38 p. ; _c21 cm. |
||
| 500 | _aIn Haitian French Creole. | ||
| 942 |
_2lcc _cbk |
||
| 994 |
_aC0 _bDRFGD |
||
| 999 |
_c30287 _d30287 |
||